<?xml version="1.0" encoding="UTF-8"?>
<collection xmlns:xsi="http://www.w3.org/2001/XMLSchema-instance" xsi:schemaLocation="http://www.loc.gov/MARC21/slim http://www.loc.gov/standards/marcxml/schema/MARC21slim.xsd" xmlns="http://www.loc.gov/MARC21/slim">
 <record>
  <leader>00000cam a22000003i 4500</leader>
  <controlfield tag="001">UP-1685594773862035881</controlfield>
  <controlfield tag="003">Buklod</controlfield>
  <controlfield tag="005">20250317084452.0</controlfield>
  <controlfield tag="006">g||| |     ||   ||</controlfield>
  <controlfield tag="007">ta</controlfield>
  <controlfield tag="008">160624s2014    xx a    rb   |||0 u|eng d</controlfield>
  <datafield tag="020" ind1=" " ind2=" ">
   <subfield code="a">9789715427562</subfield>
  </datafield>
  <datafield tag="035" ind1=" " ind2=" ">
   <subfield code="a">(iLib)UPBAG-00021016731</subfield>
  </datafield>
  <datafield tag="040" ind1=" " ind2=" ">
   <subfield code="a">ADMU</subfield>
   <subfield code="d">BAG</subfield>
   <subfield code="e">rda</subfield>
  </datafield>
  <datafield tag="041" ind1="0" ind2=" ">
   <subfield code="a">eng</subfield>
  </datafield>
  <datafield tag="090" ind1=" " ind2="0">
   <subfield code="a">LB 2944.5</subfield>
   <subfield code="b">E38 2014</subfield>
  </datafield>
  <datafield tag="245" ind1="0" ind2="0">
   <subfield code="a">Educational leadership and leadership education in Asia</subfield>
   <subfield code="c">Jamaliah Abdul-Hamid, Narcisa Paredes-Canilao, editors ; Ibrahim Ahmad Bajunid, Muhammad Babur, Roshni Kumari, series editors.</subfield>
  </datafield>
  <datafield tag="264" ind1=" " ind2="1">
   <subfield code="a">Diliman, Quezon City</subfield>
   <subfield code="b">The University of the Philippines Press</subfield>
   <subfield code="c">©2014.</subfield>
  </datafield>
  <datafield tag="300" ind1=" " ind2=" ">
   <subfield code="a">xxxi, 360 pages</subfield>
   <subfield code="b">illustrations</subfield>
   <subfield code="c">23 cm</subfield>
  </datafield>
  <datafield tag="336" ind1=" " ind2=" ">
   <subfield code="a">text</subfield>
   <subfield code="2">rdacontent</subfield>
  </datafield>
  <datafield tag="337" ind1=" " ind2=" ">
   <subfield code="a">unmediated</subfield>
   <subfield code="2">rdamedia</subfield>
  </datafield>
  <datafield tag="338" ind1=" " ind2=" ">
   <subfield code="a">volume</subfield>
   <subfield code="2">rdacarrier</subfield>
  </datafield>
  <datafield tag="504" ind1=" " ind2=" ">
   <subfield code="a">Includes bibliographical references.</subfield>
  </datafield>
  <datafield tag="505" ind1="0" ind2=" ">
   <subfield code="a">Facing the challenges of educational leadership in a globalized world: 1. Entrepreneural leadership: female school principals in Azerbaijan -- 2. Leading progress, changing reality: women and leadership in the United Arab Emirates -- 3. Leadership in higher education: the normative project of the public good in conditions of globalization, Universiti Sains Malaysia, and APEX in Malaysia -- 4. 21st century schools: exploring the efficacy of public-private partnership models in India -- Innovative tools in measuring and improving educational leadership : 5. A practical East-West exploration of leadership and learning -- 6. Instructional leadership practice in monitoring student progress using the Headcount technique -- 7. Improving head nurses' leadership skills through leadership development program in Aswan-Egypt 8. Stakeholder involvement strategies in the implementation of school-based management in Indonesian public senior secondary schools -- Mainstreaming Asian values in educational leadership and leadership education: 9. Educational leadership: when competitiveness means collaboration -- 10. Leadership experiences and motivation to lead: reflections of student leaders in Malaysian public universities -- 11. Role of transformational leadership and organization commitment and their variability in different school settings -- Case studies in educational leadership and leadership education in Asian universities : 12. Horizontal learning: alternative to centralized governance -- 13. Actual and desired factors of effective organization and management of teaching and learning practices: a case study -- 14. Leadership behaviors, university culture, and leadership effectiveness for academic work in Malaysian public universities.</subfield>
  </datafield>
  <datafield tag="650" ind1=" " ind2="0">
   <subfield code="a">Educational leadership</subfield>
   <subfield code="z">Asia.</subfield>
  </datafield>
  <datafield tag="650" ind1=" " ind2="0">
   <subfield code="a">School management and organization</subfield>
   <subfield code="z">Asia.</subfield>
  </datafield>
  <datafield tag="650" ind1=" " ind2="0">
   <subfield code="a">School administrators</subfield>
   <subfield code="z">Asia.</subfield>
  </datafield>
  <datafield tag="700" ind1="1" ind2=" ">
   <subfield code="a">Hamid, Jamaliah Abdul</subfield>
   <subfield code="e">editor.</subfield>
  </datafield>
  <datafield tag="700" ind1="1" ind2=" ">
   <subfield code="a">Paredes-Canilao, Narcisa</subfield>
   <subfield code="e">editor.</subfield>
  </datafield>
  <datafield tag="700" ind1="1" ind2=" ">
   <subfield code="a">Bajunid, Ibrahim Ahmad</subfield>
   <subfield code="e">series editor.</subfield>
  </datafield>
  <datafield tag="700" ind1="1" ind2=" ">
   <subfield code="a">Babur, Muhammad</subfield>
   <subfield code="e">series editor.</subfield>
  </datafield>
  <datafield tag="700" ind1="1" ind2=" ">
   <subfield code="a">Kumari, Roshni</subfield>
   <subfield code="e">series editor.</subfield>
  </datafield>
  <datafield tag="905" ind1=" " ind2=" ">
   <subfield code="a">FI</subfield>
  </datafield>
  <datafield tag="852" ind1="0" ind2=" ">
   <subfield code="a">UPBAG</subfield>
   <subfield code="b">UPBAG-MAIN</subfield>
   <subfield code="h">LB 2944.5 E38 2014</subfield>
  </datafield>
  <datafield tag="942" ind1=" " ind2=" ">
   <subfield code="a">Book</subfield>
  </datafield>
 </record>
</collection>
